| 000 | 00632nam a2200229 a 4500 | ||
|---|---|---|---|
| 005 | 20210219152947.0 | ||
| 008 | 991125n 000 0 u | ||
| 035 | _aUPN01000069126 | ||
| 100 | _aNash, Gary B. | ||
| 222 | _aSOCIAL STUDIES AND THE YOUNG LEARNER | ||
| 245 | _aThe consequences of 1492 : teaching about the columbian voyages | ||
| 300 | _a3-5 | ||
| 362 | _a4, No. 4, 1992 | ||
| 505 | _aMarzo 1993 | ||
| 653 | 0 | _aACREDITACION | |
| 653 | 0 | _aCULTURA INDO-AMERICANA | |
| 653 | 0 | _aCULTURA NEGRA | |
| 653 | 0 | _aHISTORIA MUNDIAL | |
| 653 | 0 | _aINSTRUCCION DE HISTORIA | |
| 904 |
_aAC _b006937 |
||
| 905 | _aArticulo | ||
| 999 |
_c64825 _d64825 |
||